Caprichos inmortales (Record no. 145567)

MARC details
000 -LEADER
campo de control de longitud fija 00460nam a2200145 i 4500
001 - NÚMERO DE CONTROL
campo de control 145567
003 - IDENTIFICADOR DE NÚMERO DE CONTROL
campo de control ES-MaACL
005 - FECHA Y HORA DE LA ÚLTIMA TRANSACCIÓN
campo de control 20230906201247.0
008 - DATOS DE LONGITUD FIJA--INFORMACIÓN GENERAL
campo de control de longitud fija 071015s1954 sp a |||| | spa d
100 1# - ENTRADA PRINCIPAL--NOMBRE DE PERSONA
Nombre de persona Barrio, Juan Ventura.
9 (RLIN) 25996
245 10 - MENCIÓN DEL TÍTULO
Título Caprichos inmortales
Resto del título : (novela) /
Mención de responsabilidad, etc. Juan Ventura Barrio.
260 ## - PUBLICACIÓN, DISTRIBUCIÓN, ETC.
Lugar de publicación, distribución, etc. Madrid :
Nombre del editor, distribuidor, etc. Centro Ibérico de Publicaciones y Ediciones,
Fecha de publicación, distribución, etc. [1954]
300 ## - DESCRIPCIÓN FÍSICA
Extensión IV, 147 p. :
Otras características físicas il. ;
Dimensiones 19 cm.
852 ## - LOCALIZACIÓN
Ubicación ES-MaACL
Número de control de estantería C-9736
Holdings
Estatus retirado Estado de pérdida Estado de daño No para préstamo Biblioteca de origen Biblioteca actual Ubicación en estantería Fecha de adquisición Fuente de adquisición Total de préstamos Signatura topográfica completa Código de barras Visto por última vez Precio de reemplazo Tipo de ítem Koha
        Biblioteca del Ateneo de Madrid Biblioteca del Ateneo de Madrid Sala Palomar 17/01/2008     C-9736 1151948 23/02/2023 23/02/2023 Libro impreso